LEADER 01019nam a2200253 i 4500 001 000000214425 003 CaOOAMICUS 005 20120718000000.0 008 120718s2012 it u000 u ita u 013 $a193296 040 $aSeMil$bita 100 1 $aWalcott, Derek,$d<1930-2017>.$0(OLS)http://semarc/name/93910 245 10$aNelle vene del mare /$cDerek Walcott ; a cura di Matteo Campagnoli. 260 $aMilano :$bCorriere della Sera,$c2012. 300 $a232 p. :$b1 ritratto ;$c18 cm. 490 0 $aUn secolo di poesia ;$v5 500 $aTesto originale a fronte. 700 1 $aCampagnoli, Matteo.$0(OLS)http://semarc/name/76268 830 3$aUn secolo di poesia ;$v5.$0(OLS)http://semarc/title/16358 850 $aSeMil 852 $aSeMil$W1$xVenegono$y1$m1V I 189$j164847$B164847$CSeMilBibl$Z2$F187448 $81 961 $aOmaggio: Martinelli don Romano 996 $6245$aNelle vene del mare$9(OLS)http://semarc/title/308922 996 $6260$aMilano :$bCorriere della Sera$9(OLS)http://semarc/publisher/33390 LEADER 01266nam a2200253 i 4500 001 000000046272 003 CaOOAMICUS 005 20090908000000.0 008 090908s1970 it u000 u ita u 013 $a17442 040 $aSeMil$bita 110 2 $aConferenza Episcopale Italiana.$0(OLS)http://semarc/name/95789 245 10$aAtti della 6. Assemblea Generale :$bRoma 6-11 aprile 1970 /$cConferenza Episcopale Italiana. 250 $aEd. riservata ai Vescovi. 260 $a[S.l. :$bs.n.],$c[1970?]$e(Roma :$fArti Grafiche Tris ,$g[1970?]) 300 $a543 p. ;$c22 cm. 650 4$aConferenza Episcopale Italiana.$0(OLS)http://semarc/subject/657 711 2 $aConferenza Episcopale Italiana : Assemblea Generale <6. ; 1970 ; Roma>.$0(OLS)http://semarc/name/22991 773 0 $aConferenza Episcopale Italiana$tAtti delle Assemblee generali della CEI.$dMilano : Àncora, 1966-$k[Atti delle Assemblee generali della CEI]$g6$w()28764 850 $aSeMil 852 $aSeMil$W1$xVenegono$y1$m2BA B 6$j255969$B12427$CSeMilBibl$Z2$F12427 $81 961 $aOmaggio: Citterio Ecc. Bernardo 996 $6245$aAtti della 6. Assemblea Generale :$bRoma 6-11 aprile 1970$9(OLS)http://semarc/title/69113 996 $6260$a[S.l. :$bs.n.]$9(OLS)http://semarc/publisher/29751